| 000 | 00758cab a2200229 4500 | ||
|---|---|---|---|
| 001 | X3824 | ||
| 008 | 090401t1996 xxu||||| |||| 00| 0 eng d | ||
| 035 | _a(Sirsi) u33165 | ||
| 041 | _aeng | ||
| 100 | _aDavis, L. | ||
| 245 | _aPrepare for the shock of the new | ||
| 260 | _c1996 | ||
| 350 | _a0 | ||
| 490 |
_aCSM (Chartered Surveyor Monthly) _v6(2) October 1996, 45(1) |
||
| 520 | _aConsiders factors to take into account when setting up in business abrod or taking on a single operation, focusing on obtaining the necessary human skills and resources. | ||
| 650 | _aHUMAN RESOURCES | ||
| 650 | _aOVERSEAS CONTRACTS | ||
| 690 | _aOVERSEAS | ||
| 690 | _aMANAGEMENT-BUSINESS MANAGEMENT-PROFESSIONAL PRACTICE | ||
| 942 | _n0 | ||
| 948 | _c04/03/1997 | ||
| 999 |
_c22170 _d22170 |
||